MARC details
| 000 -BAŞLIK |
| Sabit Uzunlukta Kontrol Alanı |
01234nam a2200277 4500 |
| 999 ## - SİSTEM KONTROL NUMARALARI (KOHA) |
| Koha Biblionumber |
13115 |
| Koha Biblioitemnumber |
13115 |
| 003 - KONTROL NUMARASI IDENTIFIER |
| Denetim Alanı |
MIRAKIL |
| 005 - SON İŞLEM TARİHİ VE ZAMANI |
| Denetim Alanı |
20190409171245.0 |
| 008 - SABİT-BOY VERİ ELEMANLARI - GENEL BİLGİLER |
| Sabit Uzunlukta Kontrol Alanı |
190409b tu ||||| |||| 00| 0 tur d |
| 020 ## - ULUSLARARASI STANDART KİTAP NUMARASI |
| Uluslararası Standart Kitap Numarası |
9786053320944 |
| 040 ## - KATALOGLAMA KAYNAK |
| Orijinal Kataloglama Ajansı |
TR-AnCHP |
| Metne Dönüştürmek Ajansı |
TR-AnCHP |
| 041 ## - DİL KODU |
| Metin / Ses Parça Veya Ayrı Başlığın Dil Kodu |
tur |
| 082 ## - DEWEY ONLU SINIFLANDIRMA NUMARASI |
| Sınıflandırma Numarası |
956.101543 |
| Ürün Numarası |
W64g 2014 |
| 100 ## - ANA GİRİŞ - KİŞİSEL İSİM |
| Kişisel Ad |
Wolf, Klaus |
| 245 10 - BAŞLIK TABLOSU |
| Başlık |
Gelibolu 1915 : |
| Başlığın Kalan |
Birinci Dünya Harbi'nde Alman-Türk askeri ittifakı / |
| Sorumluluk Tablosu, Vb |
Klaus Wolf ; çeviri: Eşref Bengi Özbilen. |
| 246 ## - UNVAN FORM VARYING |
| Başlık Doğru / Kısa Başlığı |
Birinci Dünya Harbi'nde Alman-Türk askeri ittifakı |
| 260 ## - YAYIN, DAĞITIM, VB |
| Yayın, Dağıtım, Vb Yeri |
İstanbul : |
| Yayıncı, Dağıtıcı, Vs Adı |
Türkiye İş Bankası Kültür Yayınları, |
| Yayın, Dağıtım, Vb Tarihi |
2014. |
| 300 ## - FİZİKSEL TANIM |
| Kapsam |
679 s.: |
| Diğer Fiziksel Ayrıntıları |
fotğ., hrt. (ktl.)., tbl. ; |
| Boyutlar |
20 sm. |
| 490 0# - SERİSİ TABLOSU |
| Seri Beyanı |
Türkiye İş Bankası Kültür Yayınları ; |
| -- |
Çanakkale Savaşı dizisi ; |
| Hacim / Ardışık Tanımı |
genel yayın no: 2976. |
| -- |
4. |
| 500 ## - GENEL NOT |
| Genel Not |
Özgün yapıt adı: Gallipoli 1915 : das deutsch-turkische Militaärbundnis im Ersten Weltkrieg |
| 504 ## - KAYNAKÇA VB NOT |
| Kaynakça Vb Notu |
Kaynakça ve dizin vardır. |
| 650 #0 - KONU KATMA GİRİŞ - TOPİKAL DÖNEM |
| 9 (RLIN) |
5606 |
| Topikal Süreli Veya Coğrafi Ad Giriş Elemanı |
Dünya savaşı, I |
| Genel Alt Bölümü |
İttifaklar |
| Kronolojik Alt Bölümü |
1914-1918 |
| Coğrafi Alt Bölümü |
Türkiye |
| -- |
Almanya |
| 650 #0 - KONU KATMA GİRİŞ - TOPİKAL DÖNEM |
| 9 (RLIN) |
5121 |
| Topikal Süreli Veya Coğrafi Ad Giriş Elemanı |
Çanakkale savaşı |
| Genel Alt Bölümü |
Tarih |
| Kronolojik Alt Bölümü |
1915-1916 |
| Coğrafi Alt Bölümü |
Türkiye |
| 700 ## - KATMA GİRİŞ - KİŞİSEL İSİM |
| 9 (RLIN) |
5607 |
| Kişisel Ad |
Özbilen, Eşref Bengi |
| Relator Terim |
çev. |
| 740 ## - KATMA GİRİŞ - KONTROLSUZ İLGİLİ / ANALİTİK BAŞLIK |
| Kontrol Edilmeyen / İlgili Analitik Başlıktaki |
Birinci Dünya Harbi'nde Alman-Türk askeri ittifakı |
| 942 ## - EKLENDİ GİRİŞ ELEMANLARI (KOHA) |
| Sınıflandırma Veya Raf Düzeni Kaynak |
Dewey Decimal Classification |
| Koha Öğesi Türü |
Books |